| 000 | 00564nam a22002172 4500 | ||
|---|---|---|---|
| 999 |
_c7629 _d7629 |
||
| 001 | 7629 | ||
| 003 | UkOxU | ||
| 005 | 20180212132545.0 | ||
| 008 | 860516s1964 enka 000 0 eng d | ||
| 035 | _aOCLC ocm13576670 from D971023M | ||
| 040 |
_aGZD _cGZD _dUKM _dEQO |
||
| 041 | _aeng | ||
| 082 | 0 | 4 |
_a636.0887 _218 _bSIM 1954 |
| 100 | 1 | _aSimms, Edna Jeanne. | |
| 245 | 1 | 0 |
_aTeach your child about pets / _cwith photographs by Louis Simms. |
| 260 |
_aLondon : _bPearson, _c1964. |
||
| 300 |
_a95 p. : _bill. |
||
| 650 | _aPets | ||
| 942 |
_2ddc _cBK |
||